Proceedings of the R R I M planters' conference, 1977,Oct 17-19, Kuala Lumpur (Record no. 40168)

MARC details
000 -LEADER
fixed length control field 00720nam a2200253Ia 4500
082 ## - DEWEY DECIMAL CLASSIFICATION NUMBER
Classification number NR:063RG`1977'
Item number RRM
245 #0 - TITLE STATEMENT
Title Proceedings of the R R I M planters' conference, 1977,Oct 17-19, Kuala Lumpur
260 ## - PUBLICATION, DISTRIBUTION, ETC. (IMPRINT)
Place of publication Malaysia
Name of publisher RRIM
Year of publication 1977
650 ## - SUBJECT ADDED ENTRY--TOPICAL TERM
Topical Term Block rubber
650 ## - SUBJECT ADDED ENTRY--TOPICAL TERM
Topical Term Brown bast
650 ## - SUBJECT ADDED ENTRY--TOPICAL TERM
Topical Term Crown budding
650 ## - SUBJECT ADDED ENTRY--TOPICAL TERM
Topical Term Herbicides
650 ## - SUBJECT ADDED ENTRY--TOPICAL TERM
Topical Term Legumiminous covercrops
650 ## - SUBJECT ADDED ENTRY--TOPICAL TERM
Topical Term Phytophthora rubber disease
650 ## - SUBJECT ADDED ENTRY--TOPICAL TERM
Topical Term Planting material
650 ## - SUBJECT ADDED ENTRY--TOPICAL TERM
Topical Term Prevulanisation
650 ## - SUBJECT ADDED ENTRY--TOPICAL TERM
Topical Term Puncture tapping
650 ## - SUBJECT ADDED ENTRY--TOPICAL TERM
Topical Term Rubber deprotenisation
650 ## - SUBJECT ADDED ENTRY--TOPICAL TERM
Topical Term Rubber effluent
650 ## - SUBJECT ADDED ENTRY--TOPICAL TERM
Topical Term Smallholders economics
650 ## - SUBJECT ADDED ENTRY--TOPICAL TERM
Topical Term SMR
942 ## - ADDED ENTRY ELEMENTS (KOHA)
Koha item type Books
Holdings
Withdrawn status Lost status Damaged status Not for loan Home library Current library Date acquired Cost, normal purchase price Full call number Accession Number Koha item type
        RRII Library RRII Library 16/12/2021 21.00 NR:063RG`1977' RRM 20475 Books